00721nam a22002177a 450000500170000000800410001702000260005804000190008404100120010308200170011510000170013224501460014926000400029530000150033544000620035065000140041265000240042665000200045070000230047085000100049320220314155420.0220314b |||||||| |||| 00| 0 eng d a8170223180cRs.600.00 aLoreto College aEnglish a371.822bAGR aAgrawal,S.P. aWomen's education in IndiabHistorical review, present status and perspective plan with statistical indicators cS.P.Agrawal and J.C.Aggarwal aNew DelhibConcept Publishingc1992 a316pb22cm aConcepts in communication informatics & librarianshipv13 aEducation aWomen and education aWomen's studies 4AuthaAgrawal,S.P. aLCLIB